Statistiques concernant Pays et capitales mondiales commençant par V

Cliquez ici pour prendre le quiz!

Statistiques générales

  • Ce quiz a été pris 325 fois
  • Le résultat moyen est 7 sur 11

Statistiques - réponses

pays / capitale % Correct
Vienne
94%
Venezuela
91%
Vanuatu
80%
Vatican
80%
Vatican
80%
Varsovie
77%
Viêt Nam
59%
Vaduz
57%
Vientiane
55%
Vilnius
52%
Victoria
23%

Distribution des résultats

Percentile by Number Answered

% des personnes avec chaque résultat

Votre développement - résultats

Vous n’avez pas pris ce quiz